00210nam a2200097Ia 4500008004100000100001000041245002800051260000900079942000700088999001700095190216s9999||||xx |||||||||||||| ||und|| aAbu O 0aMuslim Rajya Charithram bNull cBK c22026d22026